<?xml version="1.0" encoding="UTF-8"?>
<record
    xmlns:xsi="http://www.w3.org/2001/XMLSchema-instance"
    xsi:schemaLocation="http://www.loc.gov/MARC21/slim http://www.loc.gov/standards/marcxml/schema/MARC21slim.xsd"
    xmlns="http://www.loc.gov/MARC21/slim">

  <leader>01425nam a22002537a 4500</leader>
  <datafield tag="999" ind1=" " ind2=" ">
    <subfield code="c">417</subfield>
    <subfield code="d">417</subfield>
  </datafield>
  <controlfield tag="003">OSt</controlfield>
  <controlfield tag="005">20190509200935.0</controlfield>
  <controlfield tag="008">160316b        xxu||||| |||| 00| 0 esp d</controlfield>
  <datafield tag="040" ind1=" " ind2=" ">
    <subfield code="c">DO-SdBHA</subfield>
    <subfield code="a">DO-SdBHA</subfield>
    <subfield code="b">spa</subfield>
  </datafield>
  <datafield tag="090" ind1=" " ind2=" ">
    <subfield code="a">TG EGEA</subfield>
    <subfield code="b">00366 2010</subfield>
  </datafield>
  <datafield tag="100" ind1="1" ind2=" ">
    <subfield code="a">Pe&#xF1;a Villa, Sandro </subfield>
    <subfield code="e">sustentante</subfield>
  </datafield>
  <datafield tag="245" ind1="1" ind2="0">
    <subfield code="a">Identificaci&#xF3;n de posibles &#xE1;reas generativas de ingresos econ&#xF3;micos en la Fuerza A&#xE9;rea Dominicana, que permitan incrementar su operatividad, a partir del 2012 / </subfield>
    <subfield code="c">Sandro Pe&#xF1;a Villa; Euler E. Sierra P&#xE9;rez, asesores Eddy Ceballos Guzm&#xE1;n,  C&#xE9;sar A. Figueroa Amparo</subfield>
  </datafield>
  <datafield tag="260" ind1=" " ind2=" ">
    <subfield code="a">Santo Domingo Este :</subfield>
    <subfield code="b">INSUDE, </subfield>
    <subfield code="c">2010</subfield>
  </datafield>
  <datafield tag="300" ind1=" " ind2=" ">
    <subfield code="a">xix, 90 p&#xE1;ginas</subfield>
  </datafield>
  <datafield tag="502" ind1=" " ind2=" ">
    <subfield code="a">Trabajo de grado (Diplomado del Curso de Comando y Estado Mayor A&#xE9;reo). -- Instituto Superior para la Defensa (INSUDE). Escuela de Graduados de Estudios Aeron&#xE1;uticos, 2010.</subfield>
  </datafield>
  <datafield tag="504" ind1=" " ind2=" ">
    <subfield code="a">Incluye referencias bibliogr&#xE1;ficas e &#xED;ndices</subfield>
  </datafield>
  <datafield tag="505" ind1=" " ind2=" ">
    <subfield code="a">Descripci&#xF3;n contextual de la Fuerza A&#xE9;rea Dominicana. -- An&#xE1;lisis de &#xC1;reas Militares que generar&#xED;an ingresos econ&#xF3;micos a la Fuerza A&#xE9;rea Dominicana
</subfield>
  </datafield>
  <datafield tag="650" ind1=" " ind2="4">
    <subfield code="a">Ingresos-generaci&#xF3;n -- Fuerza A&#xE9;rea Dominicana</subfield>
  </datafield>
  <datafield tag="700" ind1="1" ind2=" ">
    <subfield code="a">Sierra P&#xE9;rez, Euler E. </subfield>
    <subfield code="e">sustentante</subfield>
  </datafield>
  <datafield tag="700" ind1="1" ind2=" ">
    <subfield code="a">Ceballos Guzm&#xE1;n, Eddy </subfield>
    <subfield code="e">asesor</subfield>
  </datafield>
  <datafield tag="700" ind1="1" ind2=" ">
    <subfield code="a">Figueroa Amparo, C&#xE9;sar A.</subfield>
    <subfield code="e">asesor</subfield>
  </datafield>
  <datafield tag="830" ind1=" " ind2=" ">
    <subfield code="a"> INSUDE. Escuela de Graduados de Estudios Aeron&#xE1;uticos. Tesis y disertaciones acad&#xE9;micas</subfield>
  </datafield>
  <datafield tag="942" ind1=" " ind2=" ">
    <subfield code="2">CL</subfield>
    <subfield code="c">T</subfield>
  </datafield>
  <datafield tag="952" ind1=" " ind2=" ">
    <subfield code="0">0</subfield>
    <subfield code="1">0</subfield>
    <subfield code="2">CL</subfield>
    <subfield code="4">0</subfield>
    <subfield code="7">1</subfield>
    <subfield code="8">TG</subfield>
    <subfield code="a">BJHA</subfield>
    <subfield code="b">BJHA</subfield>
    <subfield code="d">2016-03-16</subfield>
    <subfield code="i">10-00366</subfield>
    <subfield code="l">0</subfield>
    <subfield code="o">TG EGEA 00366 2010</subfield>
    <subfield code="p">10-00366</subfield>
    <subfield code="r">2018-10-06 00:00:00</subfield>
    <subfield code="t">e.1</subfield>
    <subfield code="w">2016-03-16</subfield>
    <subfield code="y">T</subfield>
  </datafield>
  <datafield tag="952" ind1=" " ind2=" ">
    <subfield code="0">0</subfield>
    <subfield code="1">0</subfield>
    <subfield code="2">ddc</subfield>
    <subfield code="4">0</subfield>
    <subfield code="7">0</subfield>
    <subfield code="8">CG</subfield>
    <subfield code="a">BEGCEMA</subfield>
    <subfield code="b">BEGCEMA</subfield>
    <subfield code="d">2019-09-02</subfield>
    <subfield code="i">2000020 IMESA </subfield>
    <subfield code="l">0</subfield>
    <subfield code="o">TG EGEA 00366 2010</subfield>
    <subfield code="p">2000020 IMESA </subfield>
    <subfield code="r">2019-09-02 00:00:00</subfield>
    <subfield code="t">EJ.1</subfield>
    <subfield code="w">2019-09-02</subfield>
    <subfield code="y">T</subfield>
  </datafield>
</record>
